01314cam a22003374a 4500999001700000001000800017003000900025005001700034008004100051020001800092020002100110040003800131082001700169245010600186264007400292300002600366336002600392337002800418338002700446504005100473650003900524653001900563655002400582700002800606700003600634700003300670856008900703906004500792942001200837952012700849 c28566d285374996351EG-ScBUE20200817123728.0990625s2000 enk f b 001 0 eng d a9780415194624 a0415194628 (pbk) aDLCbengerdacDLCdDLCdEG-ScBUE04a320bMOD22200aModern political thought :ba reader /cedited by John Gingell, Adrian Little, and Christopher Winch. 1aLondon ;aNew York, NY :bRoutledge, Taylor and Francis Group,c2000. ax, 293 pages ;c24 cm 2rdacontentatextbtxt 2rdamediaaunmediatedbn 2rdacarrieravolumebnc aIncludes bibliographical references and index. 7aPolitical sciencexHistory.2BUEsh bGGENcJuly2020 vReading book9342321 aGingell, John,eeditor.1 aLittle, Adrian,d1969-eeditor.1 aWinch, Christopher,eeditor.423Publisher descriptionuhttp://www.loc.gov/catdir/enhancements/fy0649/99037892-d.html a7bcbccorignewd1eocipf19gy-gencatlg 2ddccBB 00102ddc40708BaccahaMAINbMAINc1STd2020-08-17ePurchasel0o320 MODp000049447r2025-07-15 00:00:00w2020-08-17yBB